[Event "HUN-chT 1314"]
[Site "Hungary"]
[Date "2013.09.08"]
[Round "1"]
[White "Zsinka, Laszlo"]
[Black "Szabo, Richard"]
[Result "1-0"]
[WhiteElo "2237"]
[BlackElo "2199"]
[PlyCount "107"]
[EventDate "2013.09.08"]
[EventType "team-tourn"]
[EventRounds "9"]
[EventCountry "HUN"]
[SourceTitle "EXT 2015"]
[Source "ChessBase"]
[SourceDate "2014.11.20"]
[SourceVersion "1"]
[SourceVersionDate "2014.11.20"]
[SourceQuality "1"]
[WhiteTeam "MLTC"]
[BlackTeam "Decs"]
[WhiteTeamCountry "HUN"]
[BlackTeamCountry "HUN"]

1. d4 Nf6 2. c4 d6 3. Nc3 Nbd7 4. e4 e5 5. d5 Nc5 6. f3 a5 7. Be3 b6 8. Nge2 Be7 9. Qd2 0-0 10. Nc1 Ne8 11. Nd3 f5 12. 0-0-0 Nf6 13. Nxc5 bxc5 14. Bd3 fxe4 15. Bxe4 Nxe4 16. fxe4 Ba6 17. b3 Qd7 18. Rhf1 Rxf1 19. Rxf1 a4 20. Qe2 axb3 21. axb3 Bc8 22. Kb2 Bb7 23. Qh5 Rf8 24. Rxf8+ Bxf8 25. h3 c6 26. Qe2 cxd5 27. cxd5 Be7 28. Qf1 Bd8 29. Qb5 Qxb5 30. Nxb5 Be7 31. Kc3 Kf7 32. b4 cxb4+ 33. Kxb4 Ke8 34. Ka5 Kd7 35. Ba7 h5 36. Bb8 Bd8+ 37. Kb4 Be7 38. Ba7 g5 39. Ka5 g4 40. hxg4 hxg4 41. Kb6 Bc8 42. Bb8 Bd8+ 43. Ka7 Be7 44. Bc7 Bf8 45. Kb6 Be7 46. Na7 Ba6 47. Kxa6 Kxc7 48. Nb5+ Kd7 49. Kb7 Bh4 50. Nc7 Bd8 51. Na6 Bh4 52. Nb8+ Ke7 53. Kc7 Be1 54. Nc6+ 1-0

[Event "HUN-chT 1213"]
[Site "Hungary"]
[Date "2012.11.18"]
[Round "4"]
[White "Zsinka, Laszlo"]
[Black "Varasdy, Imre"]
[Result "1-0"]
[WhiteElo "2272"]
[BlackElo "2336"]
[PlyCount "77"]
[EventDate "2012.09.16"]
[EventType "team-tourn"]
[EventRounds "9"]
[EventCountry "HUN"]
[SourceTitle "CBM 151 Extra"]
[Source "ChessBase"]
[SourceDate "2012.12.18"]
[SourceVersion "1"]
[SourceVersionDate "2012.12.18"]
[SourceQuality "1"]
[WhiteTeam "MLTC"]
[BlackTeam "Toth Laszlo"]
[WhiteTeamCountry "HUN"]
[BlackTeamCountry "HUN"]

1. d4 Nf6 2. c4 e6 3. Nc3 Bb4 4. e3 c5 5. Bd3 b6 6. Nge2 Bb7 7. 0-0 0-0 8. d5 Bxc3 9. Nxc3 exd5 10. cxd5 d6 11. e4 a6 12. Bg5 Nbd7 13. f4 Qc7 14. Qf3 Rfe8 15. Rae1 c4 16. Bb1 b5 17. a3 a5 18. Kh1 b4 19. Nb5 Qb6 20. a4 Rac8 21. Qh3 c3 22. bxc3 bxc3 23. Nxc3 Qb4 24. Nb5 Bxd5 25. e5 Be6 26. Qg3 dxe5 27. fxe5 Ng4 28. Nd6 h6 29. Nxc8 hxg5 30. Nd6 Rb8 31. h3 Ngxe5 32. Rxe5 Qxd6 33. Rxg5 Qxg3 34. Rxg3 Rb4 35. Bc2 Nb6 36. Rb1 Nd5 37. Bb3 Bd7 38. Rg5 Nb6 39. Rxa5 1-0

[Event "HUN-chT 1213"]
[Site "Hungary"]
[Date "2012.11.04"]
[Round "3"]
[White "Zsinka, Laszlo"]
[Black "Szeberenyi, Adam"]
[Result "1/2-1/2"]
[WhiteElo "2272"]
[BlackElo "2354"]
[PlyCount "27"]
[EventDate "2012.09.16"]
[EventType "team-tourn"]
[EventRounds "9"]
[EventCountry "HUN"]
[SourceTitle "EXT 2013"]
[Source "ChessBase"]
[SourceDate "2012.11.22"]
[SourceVersion "1"]
[SourceVersionDate "2012.11.22"]
[SourceQuality "1"]
[WhiteTeam "MLTC"]
[BlackTeam "Penzugyor"]
[WhiteTeamCountry "HUN"]
[BlackTeamCountry "HUN"]

1. d4 Nf6 2. c4 g6 3. Nc3 d5 4. cxd5 Nxd5 5. Bd2 Bg7 6. e4 Nb6 7. Be3 0-0 8. h3 e5 9. Nf3 exd4 10. Bxd4 Nc6 11. Bxg7 Kxg7 12. Be2 Be6 13. 0-0 Qxd1 14. Rfxd1 1/2-1/2

[Event "Split op 2nd"]
[Site "Split"]
[Date "2012.08.16"]
[Round "6"]
[White "Zsinka, Laszlo"]
[Black "Kljako, Damir"]
[Result "0-1"]
[WhiteElo "2291"]
[BlackElo "2180"]
[PlyCount "146"]
[EventDate "2012.08.11"]
[EventType "swiss"]
[EventRounds "9"]
[EventCountry "CRO"]
[SourceTitle "CBM 149 Extra"]
[Source "ChessBase"]
[SourceDate "2012.08.24"]
[SourceVersion "1"]
[SourceVersionDate "2012.08.24"]
[SourceQuality "1"]

1. d4 g6 2. c4 Bg7 3. e4 d6 4. Nc3 Nc6 5. Be3 e5 6. d5 Nd4 7. Nge2 Nxe2 8. Bxe2 f5 9. f3 Nf6 10. Qd2 fxe4 11. fxe4 0-0 12. 0-0 Rf7 13. b4 a5 14. bxa5 Rxa5 15. a4 b6 16. Qc2 Bd7 17. Nb5 h5 18. Bd2 Ra8 19. Bg5 Qc8 20. Ra3 Nh7 21. Rxf7 Kxf7 22. Bd2 Nf6 23. h3 Kg8 24. Bf3 Kh7 25. Qc1 Ng8 26. Qe1 Bh6 27. Bb4 Nf6 28. Bd1 Bg5 29. Rf3 Kg7 30. Bc2 Qd8 31. a5 bxa5 32. Bxa5 Bxb5 33. cxb5 Rb8 34. Bd3 Nd7 35. Qf2 Bf6 36. Qa7 Nb6 37. Bxb6 Rxb6 38. Be2 Qb8 39. Ra3 Bg5 40. Qxb8 Rxb8 41. Rc3 Rb7 42. Ra3 Bc1 43. Rc3 Bd2 44. Rg3 Ra7 45. Rb3 Ra1+ 46. Kf2 Be1+ 47. Ke3 Ba5 48. Kd3 Kf6 49. Kc2 Ra2+ 50. Kd3 Kg5 51. g3 h4 52. gxh4+ Kxh4 53. Bg4 Rg2 54. Kc4 Rd2 55. Rd3 Rc2+ 56. Kb3 Rc1 57. Re3 Rb1+ 58. Ka4 Bb6 59. Re2 Bc5 60. Ra2 Rb4+ 61. Ka5 Rxe4 62. Ka6 Rd4 63. Be6 e4 64. Kb7 Bb6 65. Rg2 e3 66. Rxg6 e2 67. Rg1 Ba5 68. Bg4 e1Q 69. Rxe1 Bxe1 70. Kxc7 Rxd5 71. b6 Ba5 72. Kc6 Rc5+ 73. Kxd6 Bxb6 0-1

[Event "Barcelona Sant Marti op-A 14th"]
[Site "Barcelona"]
[Date "2012.07.19"]
[Round "7"]
[White "Gonzalez Rodriguez, Jorge Armando"]
[Black "Zsinka, Laszlo"]
[Result "1-0"]
[WhiteElo "2410"]
[BlackElo "2291"]
[PlyCount "95"]
[EventDate "2012.07.13"]
[EventType "swiss"]
[EventRounds "9"]
[EventCountry "ESP"]
[SourceTitle "CBM 149 Extra"]
[Source "ChessBase"]
[SourceDate "2012.08.24"]
[SourceVersion "1"]
[SourceVersionDate "2012.08.24"]
[SourceQuality "1"]

1. b3 e5 2. Bb2 Nc6 3. e3 Nf6 4. Bb5 d6 5. Bxc6+ bxc6 6. d3 g6 7. Ne2 Bg7 8. Nd2 0-0 9. 0-0 Qe7 10. Nc4 Ng4 11. h3 Nh6 12. e4 d5 13. Na5 Bd7 14. Qd2 f5 15. f3 Rad8 16. Qc3 Qg5 17. Bc1 f4 18. Kh2 Qf6 19. Rh1 Rf7 20. Ba3 g5 21. Kg1 g4 22. Kf1 gxh3 23. gxh3 Qh4 24. Ng1 Qf6 25. Re1 Kh8 26. Re2 Be8 27. Bc5 a6 28. Rhh2 Ng8 29. h4 Bd7 30. Ke1 Re8 31. Kd1 Qe6 32. Nh3 Bf6 33. Ng5 Bxg5 34. hxg5 d4 35. Qb4 Rg7 36. Rh5 Qf7 37. Reh2 Re6 38. c3 dxc3 39. Qxc3 Be8 40. Nc4 Qd7 41. R5h4 Rxg5 42. Rxf4 Qg7 43. Rfh4 Rg1+ 44. Bxg1 Qxg1+ 45. Kc2 h6 46. Nxe5 Kh7 47. f4 Qg7 48. Ng4 1-0

[Event "Barcelona Sant Marti op-A 14th"]
[Site "Barcelona"]
[Date "2012.07.18"]
[Round "6"]
[White "Zsinka, Laszlo"]
[Black "Palit, Somak"]
[Result "1/2-1/2"]
[WhiteElo "2291"]
[BlackElo "2393"]
[PlyCount "110"]
[EventDate "2012.07.13"]
[EventType "swiss"]
[EventRounds "9"]
[EventCountry "ESP"]
[SourceTitle "CBM 149 Extra"]
[Source "ChessBase"]
[SourceDate "2012.08.24"]
[SourceVersion "1"]
[SourceVersionDate "2012.08.24"]
[SourceQuality "1"]

1. d4 e6 2. c4 b6 3. e4 Bb7 4. Bd3 Nc6 5. Nf3 Nb4 6. Nc3 Nxd3+ 7. Qxd3 d6 8. 0-0 Be7 9. Bd2 Nf6 10. d5 0-0 11. Nd4 Qd7 12. f4 c5 13. Nf3 exd5 14. exd5 Rfe8 15. Rae1 Bf8 16. Ng5 Rxe1 17. Rxe1 Re8 18. Nce4 Nxe4 19. Nxe4 Bc8 20. Bc3 f5 21. Ng5 Rxe1+ 22. Bxe1 Qe8 23. Bc3 h6 24. Nf3 Qa4 25. a3 b5 26. Nd2 bxc4 27. Qxc4 Qxc4 28. Nxc4 Bb7 29. Ne3 g6 30. Kf2 Kf7 31. Ke2 g5 32. g3 Ba6+ 33. Kd2 Kg6 34. b4 gxf4 35. gxf4 Bc8 36. b5 h5 37. Kd3 h4 38. h3 Be7 39. a4 Bd8 40. a5 Kf7 41. Kc4 Kg6 42. Be1 Bf6 43. Ng2 Kh5 44. Bc3 Bd8 45. Ne3 Kg6 46. Be1 a6 47. b6 Bb7 48. Ng2 Kh5 49. Bc3 Kg6 50. Ne3 Bc8 51. Be1 Bb7 52. Ng2 Kh5 53. Bc3 Kg6 54. Bb2 Bc8 55. Bc3 Bb7 1/2-1/2

[Event "HUN-chT 1112"]
[Site "Hungary"]
[Date "2011.11.27"]
[Round "4"]
[White "Papp, Tamas"]
[Black "Zsinka, Laszlo"]
[Result "1-0"]
[WhiteElo "2291"]
[BlackElo "2286"]
[PlyCount "96"]
[EventDate "2011.09.25"]
[EventType "team-tourn"]
[EventRounds "11"]
[EventCountry "HUN"]
[SourceTitle "EXT 2013"]
[Source "ChessBase"]
[SourceDate "2012.11.22"]
[SourceVersion "1"]
[SourceVersionDate "2012.11.22"]
[SourceQuality "1"]
[WhiteTeam "Decs"]
[BlackTeam "MLTC"]
[WhiteTeamCountry "HUN"]
[BlackTeamCountry "HUN"]

1. e4 e5 2. Nf3 Nc6 3. Bb5 a6 4. Ba4 g6 5. c3 d6 6. d4 Bd7 7. 0-0 Bg7 8. Bg5 f6 9. Be3 Nh6 10. dxe5 Nxe5 11. Nxe5 fxe5 12. f3 Nf7 13. Bb3 Qe7 14. c4 Be6 15. Nc3 c6 16. c5 dxc5 17. Bxe6 Qxe6 18. Na4 c4 19. Nb6 Rd8 20. Qc2 0-0 21. Nxc4 Rfe8 22. Bb6 Rd4 23. Bxd4 exd4 24. Rae1 c5 25. f4 b5 26. Nd2 c4 27. e5 d3 28. Qc1 Rc8 29. Ne4 b4 30. Qe3 Nh6 31. Nd6 Nf5 32. Qh3 Rc6 33. Ne4 h6 34. b3 cxb3 35. axb3 Qxb3 36. Rd1 Qc4 37. Qxd3 a5 38. Qd8+ Kh7 39. Nf6+ Bxf6 40. exf6 Qc5+ 41. Kh1 Rd6 42. Rxd6 Qxd6 43. Qxa5 Qxf6 44. Qxb4 h5 45. Rc1 h4 46. Rc7+ Kh6 47. Qc3 Qd8 48. h3 Qd4 1-0

[Event "Pula op 25th"]
[Site "Pula"]
[Date "2011.06.23"]
[Round "7"]
[White "Zsinka, Laszlo"]
[Black "Popovic, Dusan"]
[Result "0-1"]
[WhiteElo "2285"]
[BlackElo "2553"]
[PlyCount "106"]
[EventDate "2011.06.18"]
[EventType "swiss"]
[EventRounds "9"]
[EventCountry "CRO"]
[SourceTitle "CBM 143 Extra"]
[Source "ChessBase"]
[SourceDate "2011.08.29"]
[SourceVersion "1"]
[SourceVersionDate "2011.08.29"]
[SourceQuality "1"]

1. d4 Nf6 2. c4 g6 3. Nc3 Bg7 4. e4 d6 5. f3 0-0 6. Be3 e5 7. d5 Nh5 8. Qd2 f5 9. 0-0-0 Nd7 10. Bd3 Nc5 11. Bc2 a6 12. Nge2 b5 13. b4 Nd7 14. c5 a5 15. a3 axb4 16. axb4 dxc5 17. bxc5 b4 18. Na4 fxe4 19. fxe4 Ndf6 20. Bg5 Bg4 21. Rde1 Qb8 22. Qd3 Kh8 23. h3 Bxe2 24. Rxe2 Nd7 25. Rhe1 Ra5 26. Qc4 Qa8 27. c6 Ndf6 28. Qb3 Qa6 29. Bd3 Qa8 30. Bc2 Rb8 31. Rd1 Ne8 32. g4 Nhf6 33. Rf1 Ng8 34. Rf7 Nd6 35. Rxc7 Nb5 36. Rb7 Nd4 37. Qxb4 Rb5 38. Rxb8 Rxb8 39. Qc4 Nxe2+ 40. Qxe2 Bf8 41. Qf3 Kg7 42. Qc3 Bd6 43. Bf4 Re8 44. Be3 Nf6 45. Nb6 Qa6 46. c7 Qf1+ 47. Kb2 Qb5+ 48. Ka2 Qa6+ 49. Ba4 Qe2+ 50. Kb3 Nxe4 51. Bxe8 Nxc3 52. c8Q Qxe3 53. Nc4 Qd3 0-1

[Event "HUN-chT 1011"]
[Site "Hungary"]
[Date "2011.05.01"]
[Round "10"]
[White "Zsinka, Laszlo"]
[Black "Kiss, Attila"]
[Result "1/2-1/2"]
[WhiteElo "2285"]
[BlackElo "2356"]
[PlyCount "74"]
[EventDate "2010.10.10"]
[EventType "team-tourn"]
[EventRounds "11"]
[EventCountry "HUN"]
[SourceTitle "EXT 2012"]
[Source "ChessBase"]
[SourceDate "2011.11.24"]
[SourceVersion "1"]
[SourceVersionDate "2011.11.24"]
[SourceQuality "1"]
[WhiteTeam "MLTC"]
[BlackTeam "Haladas"]
[WhiteTeamCountry "HUN"]
[BlackTeamCountry "HUN"]

1. d4 Nf6 2. c4 e6 3. Nc3 Bb4 4. e3 0-0 5. Bd3 d5 6. Nf3 c5 7. 0-0 Nc6 8. a3 Bxc3 9. bxc3 dxc4 10. Bxc4 Qc7 11. Ba2 e5 12. h3 Bf5 13. d5 Rad8 14. c4 e4 15. Nh4 Bg6 16. Bb2 Rfe8 17. Bxf6 gxf6 18. f4 exf3 19. Qxf3 Na5 20. Qxf6 Qe5 21. Nxg6 Qxf6 22. Rxf6 hxg6 23. Raf1 Rd7 24. R1f3 Re4 25. R6f4 Ree7 26. g4 Rd6 27. e4 Rb6 28. Rf2 Nb3 29. d6 Rd7 30. e5 Nc1 31. Rd2 Nxa2 32. Rxa2 Rb3 33. Rff2 Rxh3 34. Kg2 Rc3 35. Rfc2 Rd3 36. Rd2 Rc3 37. Rdc2 Rd3 1/2-1/2

[Event "HUN-chT 1011"]
[Site "Hungary"]
[Date "2010.12.05"]
[Round "4"]
[White "Horvath, Gyula"]
[Black "Zsinka, Laszlo"]
[Result "1-0"]
[WhiteElo "2356"]
[BlackElo "2285"]
[PlyCount "139"]
[EventDate "2010.10.10"]
[EventType "team-tourn"]
[EventRounds "11"]
[EventCountry "HUN"]
[SourceTitle "EXT 2012"]
[Source "ChessBase"]
[SourceDate "2011.11.24"]
[SourceVersion "1"]
[SourceVersionDate "2011.11.24"]
[SourceQuality "1"]
[WhiteTeam "Csuti"]
[BlackTeam "MLTC"]
[WhiteTeamCountry "HUN"]
[BlackTeamCountry "HUN"]

1. Nf3 Nf6 2. c4 g6 3. Nc3 Bg7 4. e4 d6 5. d4 0-0 6. Be2 e5 7. 0-0 Nc6 8. Be3 h6 9. d5 Ne7 10. Ne1 Ne8 11. Nd3 f5 12. f3 Nf6 13. c5 g5 14. cxd6 cxd6 15. Rc1 Bd7 16. Qb3 f4 17. Bf2 Ng6 18. Nb5 Bxb5 19. Qxb5 Rf7 20. Rc4 h5 21. Rfc1 Bf8 22. Ra4 g4 23. Rxa7 Rxa7 24. Bxa7 gxf3 25. Bb6 Qd7 26. Qxd7 Nxd7 27. Bxf3 Nxb6 28. Bxh5 Kg7 29. b3 Nd7 30. Rc8 Nf6 31. Bf3 Nh4 32. a4 Nxf3+ 33. gxf3 Rd7 34. a5 Be7 35. Nb2 Kf7 36. Nc4 Ne8 37. Rb8 Bd8 38. Kf1 Ke7 39. Ke2 Nf6 40. b4 Rc7 41. Kd3 Nd7 42. Ra8 Nf6 43. h4 Rd7 44. b5 Rc7 45. b6 Rd7 46. Rb8 Ne8 47. h5 Kf7 48. Kc3 Ke7 49. Kb4 Nf6 50. Kb5 Nxh5 51. Rxb7 Rxb7 52. a6 Bxb6 53. axb7 Bc7 54. Kc6 Bb8 55. Nb6 Nf6 56. Nc8+ Kd8 57. Nxd6 Nd7 58. Nb5 Ke7 59. d6+ Kd8 60. Nc7 Nf8 61. Na6 Nd7 62. Kd5 Ba7 63. Nb4 Bb8 64. Nc6+ Ke8 65. Nxb8 Nxb8 66. Kxe5 Kd7 67. Kd5 Nc6 68. e5 Nb8 69. e6+ Kd8 70. Kc5 1-0

[Event "HUN-chT 0910"]
[Site "Hungary"]
[Date "2010.05.02"]
[Round "11"]
[White "Hando, Vilmos"]
[Black "Zsinka, Laszlo"]
[Result "1/2-1/2"]
[WhiteElo "2318"]
[BlackElo "2293"]
[PlyCount "86"]
[EventDate "2009.11.08"]
[EventType "team-tourn"]
[EventRounds "11"]
[EventCountry "HUN"]
[SourceTitle "EXT 2011"]
[Source "ChessBase"]
[SourceDate "2010.11.26"]
[SourceVersion "1"]
[SourceVersionDate "2010.11.26"]
[SourceQuality "1"]
[WhiteTeam "Kazincbarcika"]
[BlackTeam "MLTC"]
[WhiteTeamCountry "HUN"]
[BlackTeamCountry "HUN"]

1. d4 Nf6 2. c4 e6 3. Nf3 b6 4. g3 Bb7 5. Bg2 Bb4+ 6. Bd2 Be7 7. 0-0 0-0 8. Qc2 Na6 9. Nc3 c5 10. d5 Nb4 11. Qb1 exd5 12. a3 d4 13. axb4 dxc3 14. Bxc3 Be4 15. Qe1 Qc7 16. bxc5 Qxc5 17. Rc1 Rac8 18. Qd2 Rfd8 19. Qf4 Qf5 20. Qxf5 Bxf5 21. Nd2 Be6 22. e4 d6 23. b3 Nd7 24. f4 f6 25. Nf3 Nc5 26. Nd4 Bd7 27. Rce1 a5 28. e5 dxe5 29. Bd5+ Kh8 30. fxe5 fxe5 31. Rxe5 Bf6 32. Rxf6 gxf6 33. Re7 Rf8 34. Bf7 Rxf7 35. Rxf7 Kg8 36. Rxf6 Ne4 37. Rf3 a4 38. Bb2 axb3 39. Rxb3 Bh3 40. Re3 Nd2 41. g4 Nxc4 42. Rxh3 Nxb2 43. Rb3 Rc4 1/2-1/2

[Event "HUN-chT 0809"]
[Site "Hungary"]
[Date "2009.04.18"]
[Round "11"]
[White "Schneider, Veronika"]
[Black "Zsinka, Laszlo"]
[Result "1-0"]
[WhiteElo "2315"]
[BlackElo "2291"]
[PlyCount "67"]
[EventDate "2008.10.26"]
[EventType "team-tourn"]
[EventRounds "11"]
[EventCountry "HUN"]
[SourceTitle "EXT 2010"]
[Source "ChessBase"]
[SourceDate "2010.11.25"]
[SourceVersion "1"]
[SourceVersionDate "2010.11.25"]
[SourceQuality "1"]
[WhiteTeam "BEAC"]
[BlackTeam "MLTC"]
[WhiteTeamCountry "HUN"]
[BlackTeamCountry "HUN"]

1. e4 e5 2. Nf3 Nc6 3. d4 exd4 4. Nxd4 Bc5 5. Be3 Qf6 6. c3 Nge7 7. g3 d5 8. Bg2 Bxd4 9. cxd4 dxe4 10. Nc3 Bf5 11. Nxe4 Bxe4 12. Bxe4 0-0-0 13. Qb3 Qe6 14. Qxe6+ fxe6 15. 0-0-0 Rd7 16. Rhe1 h6 17. Bg2 Rhd8 18. f4 Rd6 19. d5 Nf5 20. Bc5 Rxd5 21. Bxd5 exd5 22. g4 b6 23. Bf2 Nd6 24. Rxd5 Nb4 25. Rd2 Nxa2+ 26. Kb1 Nb4 27. f5 Rf8 28. Bg3 Nc4 29. Rd4 b5 30. Re7 Na6 31. Rxg7 Re8 32. f6 Re2 33. Rxc4 bxc4 34. f7 1-0

[Event "HUN-chT 0809"]
[Site "Hungary"]
[Date "2009.04.05"]
[Round "10"]
[White "Zsinka, Laszlo"]
[Black "Berczes, David"]
[Result "0-1"]
[WhiteElo "2291"]
[BlackElo "2514"]
[PlyCount "114"]
[EventDate "2008.10.26"]
[EventType "team-tourn"]
[EventRounds "11"]
[EventCountry "HUN"]
[SourceTitle "EXT 2010"]
[Source "ChessBase"]
[SourceDate "2010.11.25"]
[SourceVersion "1"]
[SourceVersionDate "2010.11.25"]
[SourceQuality "1"]
[WhiteTeam "MLTC"]
[BlackTeam "Aquaprofit"]
[WhiteTeamCountry "HUN"]
[BlackTeamCountry "HUN"]

1. d4 d5 2. c4 c6 3. Nc3 Nf6 4. Nf3 dxc4 5. a4 Bf5 6. e3 e6 7. Bxc4 Bb4 8. 0-0 0-0 9. Nh4 Bg6 10. Nxg6 hxg6 11. Qe2 Nbd7 12. Rd1 Qe7 13. e4 e5 14. d5 a5 15. Bg5 Bc5 16. Be3 Bxe3 17. Qxe3 Qb4 18. b3 Nb6 19. Be2 cxd5 20. Nxd5 Nfxd5 21. exd5 Qd6 22. Rac1 Rac8 23. Bb5 Rxc1 24. Qxc1 Nc8 25. Qc3 b6 26. Qc6 Rd8 27. Qc3 Ne7 28. Bc4 Nf5 29. Re1 Nd4 30. f4 Qc5 31. Kh1 exf4 32. Re4 Nf5 33. Rxf4 Rxd5 34. Qf3 Rd4 35. Rxd4 Qxd4 36. g3 Nd6 37. Bf1 g5 38. Kg2 g6 39. Bd3 Kg7 40. Be2 Nf5 41. Qd3 Qb2 42. Kg1 Nd4 43. Bd1 Ne6 44. Qe3 Qd4 45. Qxd4+ Nxd4 46. Kf2 Kf6 47. Ke3 Ke5 48. Kd3 Kd5 49. Ke3 f5 50. Kd3 g4 51. Ke3 g5 52. Kd3 Nf3 53. h4 gxh4 54. Bxf3+ gxf3 55. gxh4 f4 56. Kd2 Ke5 57. Ke1 Kf5 0-1

[Event "HUN-chT 0809"]
[Site "Hungary"]
[Date "2008.12.21"]
[Round "4"]
[White "Zsinka, Laszlo"]
[Black "Taskovits, Istvan"]
[Result "1/2-1/2"]
[WhiteElo "2291"]
[BlackElo "2326"]
[PlyCount "62"]
[EventDate "2008.10.26"]
[EventType "team-tourn"]
[EventRounds "11"]
[EventCountry "HUN"]
[SourceTitle "EXT 2010"]
[Source "ChessBase"]
[SourceDate "2010.11.25"]
[SourceVersion "1"]
[SourceVersionDate "2010.11.25"]
[SourceQuality "1"]
[WhiteTeam "MLTC"]
[BlackTeam "Decs"]
[WhiteTeamCountry "HUN"]
[BlackTeamCountry "HUN"]

1. d4 Nf6 2. c4 e6 3. Nc3 Bb4 4. e3 0-0 5. Bd3 d5 6. Nf3 c5 7. 0-0 cxd4 8. exd4 dxc4 9. Bxc4 Nc6 10. Bg5 h6 11. Be3 b6 12. Qa4 Bb7 13. Rad1 Bxc3 14. bxc3 Na5 15. Be2 Rc8 16. c4 Qd7 17. Qb4 Qc7 18. Ne5 Nc6 19. Qb2 Nxe5 20. dxe5 Ne4 21. f3 Nc5 22. Rd6 Ba6 23. Rfd1 Nb7 24. Rd7 Qc6 25. Qa3 Na5 26. R1d6 Qa8 27. Bxh6 gxh6 28. Qe3 Nxc4 29. Bxc4 Rxc4 30. Qxh6 Qc8 31. Qg5+ Kh8 1/2-1/2

[Event "Zalakaros op 27th"]
[Site "Zalakaros"]
[Date "2008.05.24"]
[Round "3"]
[White "Zsinka, Laszlo"]
[Black "Bokros, Albert"]
[Result "0-1"]
[WhiteElo "2320"]
[BlackElo "2452"]
[PlyCount "110"]
[EventDate "2008.05.22"]
[EventType "swiss"]
[EventRounds "9"]
[EventCountry "HUN"]
[SourceTitle "CBM 124 Extra"]
[Source "ChessBase"]
[SourceDate "2008.07.03"]
[SourceVersion "1"]
[SourceVersionDate "2008.07.03"]
[SourceQuality "1"]

1. d4 e6 2. c4 b6 3. Nc3 Bb7 4. a3 f5 5. d5 Be7 6. g3 Bf6 7. Bd2 Ne7 8. Bg2 Na6 9. Nh3 0-0 10. Nf4 Nc5 11. b4 Ne4 12. Nxe4 Bxa1 13. Qxa1 fxe4 14. Bxe4 Nf5 15. Bc3 Qe7 16. Qb1 Rae8 17. 0-0 Qg5 18. dxe6 Bxe4 19. Qxe4 dxe6 20. Qe5 Qf6 21. c5 Qxe5 22. Bxe5 bxc5 23. bxc5 Kf7 24. e4 Nd4 25. Bxd4 e5 26. Be3 exf4 27. Bxf4 Rxe4 28. Bxc7 Rfe8 29. Kg2 Re1 30. Rxe1 Rxe1 31. Bb8 a6 32. Bd6 Ke6 33. Bf8 g6 34. h4 Kd5 35. g4 Kc6 36. h5 gxh5 37. gxh5 Ra1 38. Kg3 Rxa3+ 39. Kg4 Kd5 40. f4 Rb3 41. Kg5 a5 42. Kh6 Rb7 43. Bg7 a4 44. Kxh7 Rxg7+ 45. Kxg7 a3 46. h6 a2 47. h7 a1Q+ 48. Kg8 Qg1+ 49. Kf7 Qh2 50. Kg7 Qg3+ 51. Kf7 Qxf4+ 52. Kg7 Qg5+ 53. Kf7 Qh6 54. Kg8 Qg6+ 55. Kh8 Qf7 0-1

[Event "Zalakaros op 27th"]
[Site "Zalakaros"]
[Date "2008.05.22"]
[Round "1"]
[White "Zsinka, Laszlo"]
[Black "Tesik, Csaba"]
[Result "1/2-1/2"]
[WhiteElo "2320"]
[BlackElo "2032"]
[PlyCount "115"]
[EventDate "2008.05.22"]
[EventType "swiss"]
[EventRounds "9"]
[EventCountry "HUN"]
[SourceTitle "CBM 124 Extra"]
[Source "ChessBase"]
[SourceDate "2008.07.03"]
[SourceVersion "1"]
[SourceVersionDate "2008.07.03"]
[SourceQuality "1"]

1. d4 Nf6 2. c4 g6 3. Nc3 Bg7 4. e4 d6 5. f3 a6 6. Be3 Nc6 7. Nge2 Rb8 8. Nc1 0-0 9. Qd2 e5 10. d5 Nd4 11. N1e2 c5 12. dxc6 bxc6 13. Nxd4 exd4 14. Bxd4 d5 15. cxd5 cxd5 16. e5 Nd7 17. Be2 Nxe5 18. Rd1 Be6 19. 0-0 Nc4 20. Bxc4 dxc4 21. Bxg7 Kxg7 22. Qxd8 Rfxd8 23. Rxd8 Rxd8 24. Rd1 Rxd1+ 25. Nxd1 Kf6 26. Kf2 Ke5 27. Ke3 f5 28. g3 g5 29. f4+ gxf4+ 30. gxf4+ Kd5 31. Nc3+ Kc5 32. Ne2 Bc8 33. Nd4 Bd7 34. Nf3 Be6 35. a3 Kd5 36. Nd4 Bd7 37. Ne2 Be8 38. Ng3 Bg6 39. h4 h6 40. Ne2 Bh5 41. Nd4 Bg4 42. Nc2 a5 43. Nd4 h5 44. Nb5 Kc6 45. Nc3 Kc5 46. Na4+ Kb5 47. Nc3+ Kc5 48. Na2 Kd5 49. Nc1 Bd1 50. Na2 Bg4 51. a4 Kc5 52. Nc3 Bh3 53. Nb5 Kb4 54. Nd6 Bf1 55. Kd4 Bd3 56. Ne8 Kb3 57. Nd6 Kb4 58. Ne8 1/2-1/2

[Event "HUN-chT 0708"]
[Site "Hungary"]
[Date "2008.05.18"]
[Round "11"]
[White "Farkas, Tibor"]
[Black "Zsinka, Laszlo"]
[Result "1/2-1/2"]
[WhiteElo "2300"]
[BlackElo "2320"]
[PlyCount "25"]
[EventDate "2007.10.14"]
[EventType "team"]
[EventRounds "11"]
[EventCountry "HUN"]
[SourceTitle "EXT 2009"]
[Source "ChessBase"]
[SourceDate "2008.11.26"]
[SourceVersion "1"]
[SourceVersionDate "2008.11.26"]
[SourceQuality "1"]
[WhiteTeam "Mako"]
[BlackTeam "Statisztika"]
[WhiteTeamCountry "HUN"]
[BlackTeamCountry "HUN"]

1. e4 e5 2. Bc4 Nf6 3. d3 Nc6 4. Nf3 Be7 5. 0-0 d6 6. a4 0-0 7. h3 Be6 8. Re1 Qd7 9. Nc3 Na5 10. Bxe6 fxe6 11. d4 exd4 12. Nxd4 Rae8 13. f4 1/2-1/2

[Event "HUN-chT 0708"]
[Site "Hungary"]
[Date "2008.03.16"]
[Round "8"]
[White "Banusz, Tamas"]
[Black "Zsinka, Laszlo"]
[Result "1-0"]
[WhiteElo "2491"]
[BlackElo "2320"]
[PlyCount "83"]
[EventDate "2007.10.14"]
[EventType "team"]
[EventRounds "11"]
[EventCountry "HUN"]
[SourceTitle "EXT 2009"]
[Source "ChessBase"]
[SourceDate "2008.11.26"]
[SourceVersion "1"]
[SourceVersionDate "2008.11.26"]
[SourceQuality "1"]
[WhiteTeam "Nagykanizsa"]
[BlackTeam "Statisztika"]
[WhiteTeamCountry "HUN"]
[BlackTeamCountry "HUN"]

1. Nf3 Nf6 2. c4 g6 3. Nc3 Bg7 4. d4 0-0 5. g3 d6 6. Bg2 Nc6 7. 0-0 Bg4 8. d5 Na5 9. Nd2 c5 10. Rb1 a6 11. b3 Rb8 12. Bb2 b5 13. h3 Bd7 14. Qc2 e5 15. dxe6 Bxe6 16. cxb5 axb5 17. Rbd1 d5 18. Nde4 Bf5 19. Nxd5 Nxd5 20. Bxg7 Kxg7 21. Qb2+ f6 22. Nxc5 Qe7 23. Rxd5 Rfd8 24. Rfd1 Rxd5 25. Rxd5 Rd8 26. Rxd8 Qxd8 27. g4 Qd1+ 28. Bf1 Bc8 29. Ne4 Qd8 30. g5 Nc6 31. Qxf6+ Qxf6 32. gxf6+ Kf8 33. Nd6 Be6 34. Nxb5 Kf7 35. e3 Kxf6 36. Nd4 Nxd4 37. exd4 g5 38. Kh2 h5 39. Bc4 Bd7 40. a4 Ke7 41. a5 Kd6 42. b4 1-0